01002nam a2200241 a 450000100060000000300080000600500170001400800410003103500190007204000320009104100080012308200220013124500910015326000580024430000250030250400410032765100410036870000350040994200120044499900170045695201430047395201440061634126BD-RjUL20211209052117.0161217s1988 ii b s001 0 eng  a(BD-RjUL)34220 aDLCcDLCdDLCdBD-RjULbeng aeng00a954223bCUL 198800aCulture of Bengal through the ages :bsome aspects /cedited by Bhaskar Chattopadhyay. aBurdwan, West Bengal :bUniversity of Burdwan,c1988. a17, 444 p. ;c24 cm. aIncludes bibliographical references. 0aBengal (India)xCivilization.9816611 aChattopadhyay, Bhaskar.958917 2ddccBK c34126d34126 00102ddc40708NFICaRUCLbRUCLcStackd1996-07-30eAnkur Prakashoni.g140.00l0o954 CUL 1988r2014-05-14 00:00:00tC-2w2021-12-09yBK 00102ddc40718NFICaRUCLbRUCLcReadingd1996-07-30eAnkur Prakashanig140.00l0o954 CUL 1988r2016-12-10 00:00:00tC-1w2021-12-09yBK